Fotografía Chilena Contemporánea. 01/CNCA/2009.

I tiakina i:
Ngā taipitopito rārangi puna kōrero
Kaituhi rangatōpū: Consejo Nacional de la Cultura y las Artes (autor)
Hōputu: Pukapuka
Reo:Pāniora
I whakaputaina: Santiago, Chile: Consejo Nacional de la Cultura y las Artes, 2009.
Ngā marau:
Ngā Tūtohu: Tāpirihia he Tūtohu
Kāore He Tūtohu, Me noho koe te mea tuatahi ki te tūtohu i tēnei pūkete!

MARC

LEADER 00000nam a22000007a 4500
003 CL-VaPUC
005 20250321101916.0
008 250113t2009 ||||| |||| 00| 0 spa d
999 |c 446443  |d 446441 
040 |c Pontificia Universidad Católica de Valparaíso 
082 |2 22  |a 770.983 CON 2009 
110 |9 485705  |a Consejo Nacional de la Cultura y las Artes  |e autor 
245 |a Fotografía Chilena Contemporánea.  |b 01/CNCA/2009. 
260 |a Santiago, Chile:  |b Consejo Nacional de la Cultura y las Artes,  |c 2009. 
300 |a 120 páginas:  |b fotografías. 
500 |a c.1: Instituto Arcos. 08-01-2025 
583 |c 20250113  |k Yessy Sthefany Diaz Vidal 
650 0 |9 862289  |a Fotografía chilena   |y Siglos 20-21 
650 0 |9 327623  |a Fotógrafos  |z Chile  |v Compilación 
942 |2 ddc  |c BK  |n 0 
952 |0 0  |1 0  |2 ddc  |4 0  |6 770_983000000000000_CON_2009  |7 0  |8 A  |9 599141  |a BIBINC  |b BIBINC  |d 2025-01-13  |e Instituto Arcos  |i 5663996  |o 770.983 CON 2009  |p 5663996  |r 2025-01-13  |t 1  |w 2025-01-13  |y BK  |k IFP